000 00979nam a22002417a 4500
999 _c7489
_d7489
003 AR-CdUCM
008 190320b ||||| |||| 00| 0 spa d
040 _aMUNICIPALIDAD PROVINCIAL DEL CUSCO
_cBIBLIOTECA MUNICIPAL DEL CUSCO
041 _heng
082 _a332.4 /
_bC381
100 _aCaves, Richard
_919901
245 _aLa industria norteamericana :
_bEstructura, conducta y funcionamiento /
260 _aMéxico :
_bEditorial hispano americana,
_c1966.
300 _a225 páginas ;
_c17 cm.
440 _aSección 13 economía.
_n294/294a
_921125
505 _aContenido: El aspecto comercial y su organización -- Elementos de la estructura del mercado -- Conducta de mercado -- Fomento de la competencia y control del monopolio -- Normas que restringen la competencia...
650 _aEconomía
_9382
650 _aMercado
_942
650 _aIndustrialización
_91455
700 _aMartinez Saenz, Joaquin (traductor)
_919904
942 _2ddc
_cLIBROS
945 _adavv